Ballon d'or 2004 - Statistiques

Statistiques générales
  • Ce quiz a été pris 184 fois
  • Le résultat moyen est 14 sur 29
Statistiques - réponses
Rang Joueurs Nationalité Points % Correct
12 Cristiano Ronaldo Portugal 11
95%
3 Ronaldinho Brésil 133
91%
4 Thierry Henry France 80
90%
23 Zinédine Zidane France 3
89%
22 Luís Figo Portugal 4
88%
1 Andriy Chevtchenko Ukraine 175
86%
7 Pavel Nedvěd République Tchèque 23
84%
15 Samuel Eto'o Cameroun 7
83%
Didier Drogba Côte d'Ivoire 5
76%
2 Deco Portugal 139
74%
14 Zlatan Ibrahimović Suède 8
72%
Frank Lampard Angleterre 5
60%
Kaká Brésil 7
53%
8 Wayne Rooney Angleterre 22
52%
Gianluigi Buffon Italie 5
50%
Ruud van Nistelrooy Pays-Bas 18
48%
28 Paolo Maldini Italie 1
46%
Fernando Morientes Espagne 5
23%
6 Adriano Brésil 27
22%
11 Angelos Charisteas Grèce 15
19%
9 Ricardo Carvalho Portugal 18
17%
Milan Baroš République Tchèque 11
16%
Maniche Portugal 2
14%
Ludovic Giuly France 2
10%
Antonios Nikopolidis Grèce 2
6%
5 Theodoros Zagorakis Grèce 44
5%
17 Traianos Dellas Grèce 5
3%
24 Rubén Baraja Espagne 2
2%
Vicente Espagne 1
2%
Aucun quiz correspondant
Distribution des résultats
% des personnes avec chaque résultat
Percentile par nombre de réponses
Votre historique - résultats
Vous n’avez pas pris ce quiz